SUSTAINBLE FASHION AND TEXTILES (Record no. 24725)

MARC details
000 -LEADER
fixed length control field 00306nam a22001337a 4500
003 - CONTROL NUMBER IDENTIFIER
control field SGT
020 ## - INTERNATIONAL STANDARD BOOK NUMBER
International Standard Book Number 978-81-7307-179-9
082 ## - DEWEY DECIMAL CLASSIFICATION NUMBER
Classification number 746
Item number TUT
100 ## - MAIN ENTRY--PERSONAL NAME
Personal name TUTEJA, DR. H. KAUR
245 ## - TITLE STATEMENT
Title SUSTAINBLE FASHION AND TEXTILES
260 ## - PUBLICATION, DISTRIBUTION, ETC. (IMPRINT)
Place of publication, distribution, etc INDIA
Name of publisher, distributor, etc PARGATIPRAKASHAN
Year of Publication 2022
300 ## - PAGE DESCRIPTION
No. of Pages 99
942 ## - ADDED ENTRY ELEMENTS (KOHA)
Source of classification or shelving scheme Dewey Decimal Classification
Koha item type Books
Holdings
Withdrawn status Lost status Source of classification or shelving scheme Damaged status Not for loan Home library Current library Date acquired Vendor Name Cost, normal purchase price SGTU Bill Number Total Checkouts Full call number Accession No. (Barcode) Date last seen Bill Date Koha item type
    Dewey Decimal Classification     SGT Science & Social Sciences Library SGT Science & Social Sciences Library 03/08/2023 PANKAJ PUB. 1395.00 SGTU 4726   746 TUT FF789 03/08/2023   Books